Šperk

Salvato in:
Dettagli Bibliografici
Autore principale: Vrablecová, Zuzana, 1988- (Autore)
Altri autori: Lehocký, Peter, 1944- (Relatore della tesi)
Natura: Manoscritto Libro
Lingua:slovacco
Pubblicazione: Bratislava : STU v Bratislave FA, 2010
Soggetti:
Accesso online:VAIS
Tags: Aggiungi Tag
Nessun Tag, puoi essere il primo ad aggiungerne!!

MARC

LEADER 00000ntm a22000003a 4500
001 stu219051
005 20210804075116.4
008 101208s2010----xo------------------slo-d
040 |a STU  |b slo 
041 0 |a slo 
044 |a xo 
100 1 |a Vrablecová, Zuzana,  |d 1988-  |4 aut  |u A  |T FAD Fakulta architektúry  |X 40067  |U A  |Y 50  |7 A000040067 
242 0 0 |a Jewel  |y eng 
245 1 |a Šperk 
260 |a Bratislava :  |b STU v Bratislave FA,  |c 2010 
650 7 |a dizajn výrobkov  |2 stusub 
650 7 |a Product Design  |2 estusub 
650 7 |a šperk  |2 stusub 
650 7 |a náramok  |2 stusub 
700 1 |a Lehocký, Peter,  |d 1944-  |4 ths  |u A9190  |U FAD Fakulta architektúry  |U FAD Fakulta architektúry  |T FA Ústav dizajnu  |X 441  |U A9190  |Y 400  |7 A000000441 
856 4 |a info a plný text  |u http://is.stuba.sk/zp/portal_zp.pl?podrobnosti=5104  |u https://opac.crzp.sk/?fn=detailBiblioForm&sid=4156E77560192824B4631A96D6BB  |3 VAIS